Welcome to CU Library Online Public Access Catalogue (OPAC)

The marketing manual / (Record no. 5709)

MARC details
000 -LEADER
fixed length control field 00674cam a2200193 a 4500
001 - CONTROL NUMBER
control field 4045079
005 - DATE AND TIME OF LATEST TRANSACTION
control field 20250508174547.0
008 - FIXED-LENGTH DATA ELEMENTS--GENERAL INFORMATION
fixed length control field 981208s1998 enk b 001 0 eng
020 ## - INTERNATIONAL STANDARD BOOK NUMBER
International Standard Book Number 0750636521
050 00 - LIBRARY OF CONGRESS CALL NUMBER
Classification number HF5415.13
Item number .B35 1998
100 1# - MAIN ENTRY--PERSONAL NAME
Personal name Baker, Michael J.,
Dates associated with a name 1935-
245 14 - TITLE STATEMENT
Title The marketing manual /
Statement of responsibility, etc. Michael J. Baker.
260 ## - PUBLICATION, DISTRIBUTION, ETC.
Place of publication, distribution, etc. Oxford ;
-- Boston :
Name of publisher, distributor, etc. Butterworth Heinemann,
Date of publication, distribution, etc. 1998.
300 ## - PHYSICAL DESCRIPTION
Extent viii, 279 p. ;
Dimensions 25 cm.
650 #0 - SUBJECT ADDED ENTRY--TOPICAL TERM
Topical term or geographic name entry element Marketing
General subdivision Management.
856 41 - ELECTRONIC LOCATION AND ACCESS
Materials specified Table of contents
Uniform Resource Identifier <a href="http://www.loc.gov/catdir/toc/els033/98228280.html">http://www.loc.gov/catdir/toc/els033/98228280.html</a>
856 42 - ELECTRONIC LOCATION AND ACCESS
Materials specified Publisher description
Uniform Resource Identifier <a href="http://www.loc.gov/catdir/description/els033/98228280.html">http://www.loc.gov/catdir/description/els033/98228280.html</a>
942 ## - ADDED ENTRY ELEMENTS (KOHA)
Source of classification or shelving scheme Library of Congress Classification
Koha item type Books
Suppress in OPAC No
999 ## -
-- 5709
-- 5709
Holdings
Withdrawn status Lost status Source of classification or shelving scheme Damaged status Not for loan Collection Home library Current library Shelving location Date acquired Total checkouts Full call number Barcode Date last seen Copy number Price effective from Koha item type
    Library of Congress Classification     Non-fiction Undergraduate Library (Christ Temple) Undergraduate Library (Christ Temple) General stacks 05/08/2025   HF5415.13 BAK ulct00002308 05/08/2025 1 05/08/2025 Books
© 2023-2024 Copyright: Central University Libraries. All Rights Reserved | Created by: Mahone Tech Office